000 00690nam a2200289Ia 4500
005 20260324144112.0
008 008 260324s9999 xx 000 0 eng d
020 _a9781003059967
037 _aEBOOK
040 _aCRL
040 _beng
040 _cCRL
041 _2eng
041 _aeng
084 _qCRL
100 _aTerry Pyper
_91218085
245 0 _aFrench Dictionary of Information Technology
245 0 _bFrench-English, English-French
260 _bTaylor and Francis
260 _c1989
365 _a
365 _b290
856 _uhttp://www.taylorfrancis.com/books/9781003059967
942 _cEBOOK
999 _c1824284
_d1824284